Construccion de los modulos basicos de un controlador automatico

Kaydedildi:
Detaylı Bibliyografya
Yazar: Herra Luna, Gustavo Adolfo
Materyal Türü: Tez Kitap
Dil:Undetermined
Baskı/Yayın Bilgisi: 1985
Konular:
Etiketler: Etiketle
Etiket eklenmemiş, İlk siz ekleyin!

MARC

LEADER 00000nam a2200000Ia 4500
001 2864
008 140114s9999 xx 000 0 und d
100 |a Herra Luna, Gustavo Adolfo 
245 |a Construccion de los modulos basicos de un controlador automatico 
260 |c 1985 
500 |a NULL 
502 |a Escuela de ingenieria Electrica 
650 |z CONTROLADOR AUTOMATICO 
999 |c 11646  |d 11646